00414nam a2200169Ia 4500008004100000041001200041082002100053100001400074245003400088365000600122520001200128546001200140630003400152650001200186655001200198730003400210101110s9999 xx 000 0 und d aMARATHI bSR4679a891.4611 aDarshanik aDnyaneshwari Eshwarya Bhag 12 b1 aMarathi aMARATHI aDnyaneshwari Eshwarya Bhag 12 aMarathi aMarathi aDnyaneshwari Eshwarya Bhag 12